| 000 | 00444nam a2200181Ia 4500 | ||
|---|---|---|---|
| 008 | 210210b1963 xxu||||| |||| 00| 0 eng d | ||
| 041 | _aeng | ||
| 082 | _a519/107 | ||
| 100 | _aTRANTOR (C J) | ||
| 245 | _aAdvanced level pure mathematics | ||
| 260 |
_aLondon _bThe English Universities Press Ltd. _c1963 |
||
| 650 | _apure | ||
| 650 | _amathematics | ||
| 650 | _alevel | ||
| 650 | _aAdvanced | ||
| 690 | _aMathematics | ||
| 906 | _a007968 | ||
| 999 |
_c140826 _d140826 |
||